<?xml version="1.0" encoding="UTF-8"?>
<marc:record xmlns:marc="http://www.loc.gov/MARC21/slim">
   <marc:leader>00000nam a2200000 a 4500</marc:leader>
   <marc:datafield ind1="1" ind2=" " tag="100">
      <marc:subfield code="a">Bendelack, Steve</marc:subfield>
      <marc:subfield code="4">drt</marc:subfield>
      <marc:subfield code="e">Regisseur/-in</marc:subfield>
   </marc:datafield>
   <marc:datafield ind1="0" ind2="0" tag="245">
      <marc:subfield code="a">Mr. Bean macht Ferien - Der Ultimative Katastrophenfilm</marc:subfield>
   </marc:datafield>
   <marc:datafield ind1="0" ind2="0" tag="245">
      <marc:subfield code="b">2 Film in einer Box</marc:subfield>
   </marc:datafield>
   <marc:datafield ind1=" " ind2="1" tag="264">
      <marc:subfield code="c">1997</marc:subfield>
   </marc:datafield>
   <marc:datafield ind1="1" ind2=" " tag="520">
      <marc:subfield code="a">Mr. Bean hat den andauernden englischen Regen satt. Urlaubsreif und mit seiner Videokamera bewaffnet zieht er eine Spur der Verwüstung durch Südfrankreich und schafft es dabei sogar in den Wettbewerb der Filmfestspiele von Cannes. Gleichzeitig hält man ihn aufgrund eines Missverständnisses auch noch für einen Kidnapper.(www.ofdb.de)</marc:subfield>
   </marc:datafield>
   <marc:datafield ind1=" " ind2=" " tag="338">
      <marc:subfield code="a">Videodisk</marc:subfield>
   </marc:datafield>
   <marc:datafield ind1=" " ind2=" " tag="300">
      <marc:subfield code="a">2 DVDs (ca. 86 Min. + ca. 90. Min.)</marc:subfield>
   </marc:datafield>
</marc:record>
